10 x 10 Picross avec 3 vies - "Plumes" - Statistiques

Statistiques générales
  • Ce quiz a été pris 1 890 fois
  • Le résultat moyen est 61 sur 100
Statistiques - réponses
Réponse % Correct
d
78%
d
76%
d
76%
d
75%
x
75%
d
74%
d
74%
d
73%
x
73%
x
73%
d
72%
x
72%
x
72%
d
71%
d
71%
d
71%
d
68%
d
67%
d
67%
x
66%
x
66%
d
65%
x
65%
x
64%
x
64%
x
64%
d
63%
d
63%
d
63%
x
63%
x
63%
x
63%
x
63%
x
63%
x
63%
x
63%
d
62%
d
62%
d
62%
x
62%
x
62%
x
62%
x
62%
d
61%
d
61%
x
61%
d
60%
x
60%
x
60%
x
60%
x
60%
d
59%
d
59%
d
59%
x
59%
x
59%
x
59%
x
59%
x
59%
x
59%
d
58%
d
58%
d
58%
d
58%
d
58%
x
58%
x
58%
d
57%
d
57%
x
57%
x
57%
d
56%
d
56%
x
56%
x
56%
x
56%
x
56%
d
55%
x
55%
x
55%
x
55%
x
55%
x
55%
d
54%
d
54%
x
54%
x
54%
x
54%
x
54%
x
54%
x
53%
x
53%
x
53%
d
52%
x
52%
d
50%
x
50%
d
49%
x
49%
d
48%
Aucun quiz correspondant
Distribution des résultats
% des personnes avec chaque résultat
Percentile par nombre de réponses
Votre historique - résultats
Vous n’avez pas pris ce quiz